Statistieken voor Noem alle voetbal ploegen in Nederland met stad - Eredivisie 2023 2024

Klik hier om de quiz te nemen!

Algemene statistieken

  • Deze quiz is 175 keer genomen
  • De gemiddelde score is 29 van 36

Antwoordstatistieken

HintAntwoord% Correct
Ajax
99%
Feyenoord
99%
PloegenPSV
98%
Rotterdam
93%
Rotterdam
93%
Rotterdam
93%
Amsterdam
92%
StedenEindhoven
89%
AZ
88%
Sparta
88%
FC Twente
87%
Alkmaar
85%
Utrecht
85%
FC Utrecht
84%
Vitesse
83%
Excelsior
81%
NEC
78%
Heerenveen
77%
PEC Zwolle
77%
Volendam
77%
Go Ahead Eagles
76%
Zwolle
76%
Arnhem
75%
Almere
74%
Enschede
74%
FC Volendam
74%
Heracles
74%
Nijmegen
74%
Deventer
73%
Almelo
72%
Almere City
68%
Fortuna Sittard
68%
SC Heerenveen
68%
RKC
67%
Waalwijk
66%
Sittard
65%

Scoreverdeling

Percentiel versus Aantal Correcte Antwoorden

Procent van Mensen met Elke Score

Uw Scoregeschiedenis

U heeft deze quiz nog niet genomen